{"text_format":"3","workbook":"xlsx","n_sheets":1,"sheets":["t491"],"read":"whole","date_system":"1900"}

{"sheet":"t491","index":0,"n_rows":152,"n_cols":7,"rows_kept":152,"merged":[[0,0,0,6],[30,0,30,5],[43,0,43,5],[137,0,137,5]]}
["TABELA 491.1 - Estatísticas Agrícolas, Município de Roseira, Estado de São Paulo, 2007/08."]
["ITEM","UNIDADE","N.DE UPAs","MÍNIMO","MÉDIO","MÁXIMO","TOTAL"]
["Distância à sede do município","km",72,{"v":1,"d":"1.0"},{"v":5.95,"d":"6.0"},{"v":30,"d":"30.0"},"-"]
["Área total","hectare",72,0.5,{"v":144.25,"d":"144.3"},977.6,{"v":10386.3,"d":"10,386.3"}]
["Área com cultura perene","hectare",1,{"v":2,"d":"2.0"},{"v":2,"d":"2.0"},{"v":2,"d":"2.0"},{"v":2,"d":"2.0"}]
["Área com cultura temporária","hectare",43,0.2,{"v":24.54,"d":"24.5"},{"v":300,"d":"300.0"},{"v":1055.4,"d":"1,055.4"}]
["Área com pastagem","hectare",68,{"v":1,"d":"1.0"},{"v":91.71,"d":"91.7"},{"v":644,"d":"644.0"},{"v":6236.6,"d":"6,236.6"}]
["Área com reflorestamento","hectare",8,{"v":3,"d":"3.0"},{"v":165.63,"d":"165.6"},{"v":540,"d":"540.0"},{"v":1325,"d":"1,325.0"}]
["Área com vegetação natural","hectare",30,0.3,51.7,{"v":600,"d":"600.0"},{"v":1551,"d":"1,551.0"}]
["Área com vegetação de brejo e várzea","hectare",3,{"v":2,"d":"2.0"},{"v":3,"d":"3.0"},{"v":5,"d":"5.0"},{"v":9,"d":"9.0"}]
["Área em descanso","hectare","-","-","-","-",{"v":0,"d":"0.0"}]
["Área complementar","hectare",71,0.1,{"v":2.92,"d":"2.9"},{"v":40,"d":"40.0"},207.3]
["Área das UPAs com (0, 1] ha","hectare",1,0.5,0.5,0.5,0.5]
["Área das UPAs com (1, 2] ha","hectare","-","-","-","-","-"]
["Área das UPAs com (2, 5] ha","hectare",2,2.4,2.8,3.2,5.6]
["Área das UPAs com (5, 10] ha","hectare",6,6.5,{"v":7.97,"d":"8.0"},9.6,47.8]
["Área das UPAs com (10, 20] ha","hectare",2,14.4,{"v":16.85,"d":"16.9"},19.3,33.7]
["Área das UPAs com (20, 50] ha","hectare",16,20.8,{"v":34.93,"d":"34.9"},48.7,558.8]
["Área das UPAs com (50, 100] ha","hectare",18,{"v":55,"d":"55.0"},{"v":76.16,"d":"76.2"},96.8,{"v":1370.9,"d":"1,370.9"}]
["Área das UPAs com (100, 200] ha","hectare",14,101.9,{"v":148.07,"d":"148.1"},193.6,{"v":2073,"d":"2,073.0"}]
["Área das UPAs com (200, 500] ha","hectare",6,229.9,{"v":289.47,"d":"289.5"},377.5,{"v":1736.8,"d":"1,736.8"}]
["Área das UPAs com (500, 1.000] ha","hectare",7,515.8,{"v":651.31,"d":"651.3"},977.6,{"v":4559.2,"d":"4,559.2"}]
["Área das UPAs com (1.000, 2.000] ha","hectare","-","-","-","-","-"]
["Área das UPAs com (2.000, 5.000] ha","hectare","-","-","-","-","-"]
["Área das UPAs com (5.000, 10.000] ha","hectare","-","-","-","-","-"]
["Área das UPAs acima de 10.000 ha","hectare","-","-","-","-","-"]
["Familiares do proprietário que trabalham na UPA","unidade",59,{"v":1,"d":"1.0"},{"v":1.39,"d":"1.4"},{"v":3,"d":"3.0"},{"v":82,"d":"82.0"}]
["Trabalhadores permanentes","unidade",67,{"v":1,"d":"1.0"},{"v":2.51,"d":"2.5"},{"v":12,"d":"12.0"},{"v":168,"d":"168.0"}]
["Fonte: Secretaria de Agricultura e Abastecimento, CDRS/IEA, Projeto LUPA."]
[]
["TABELA 491.2 - Explorações Animais, Município de Roseira, Estado de São Paulo, 2007/08."]
["ITEM","UNIDADE","N.DE UPAs","MÍNIMO","MÉDIO","MÁXIMO","TOTAL"]
["Asininos E Muares","cabeças",3,{"v":1,"d":"1.0"},{"v":14.67,"d":"14.7"},{"v":40,"d":"40.0"},{"v":44,"d":"44.0"}]
["Avicultura de Corte","cabeças/ano",1,{"v":25,"d":"25.0"},{"v":25,"d":"25.0"},{"v":25,"d":"25.0"},{"v":25,"d":"25.0"}]
["Avicultura Ornamental/Decorativa/Exótica","cabeças",1,{"v":25,"d":"25.0"},{"v":25,"d":"25.0"},{"v":25,"d":"25.0"},{"v":25,"d":"25.0"}]
["Avicultura para Ovos","cabeças",1,{"v":70,"d":"70.0"},{"v":70,"d":"70.0"},{"v":70,"d":"70.0"},{"v":70,"d":"70.0"}]
["Bovinocultura de Corte","cabeças",12,{"v":50,"d":"50.0"},{"v":147.33,"d":"147.3"},{"v":350,"d":"350.0"},{"v":1768,"d":"1,768.0"}]
["Bovinocultura Leiteira","cabeças",2,{"v":201,"d":"201.0"},250.5,{"v":300,"d":"300.0"},{"v":501,"d":"501.0"}]
["Bovinocultura Mista","cabeças",44,{"v":5,"d":"5.0"},{"v":78.84,"d":"78.8"},{"v":520,"d":"520.0"},{"v":3469,"d":"3,469.0"}]
["Equinocultura","cabeças",61,{"v":1,"d":"1.0"},4.3,{"v":35,"d":"35.0"},{"v":262,"d":"262.0"}]
["Suinocultura","cabeças",2,{"v":8,"d":"8.0"},11.5,{"v":15,"d":"15.0"},{"v":23,"d":"23.0"}]
["Fonte: Secretaria de Agricultura e Abastecimento, CDRS/IEA, Projeto LUPA."]
[]
["TABELA 491.3 -  Máquinas, Implementos e Benfeitorias, Município de Roseira, Estado de São Paulo, 2007/08."]
["ITEM","UNIDADE","N.DE UPAs","MÍNIMO","MÉDIO","MÁXIMO","TOTAL"]
["Arado Comum (Bacia, Aiveca)","Unidade",11,{"v":1,"d":"1.0"},{"v":1.27,"d":"1.3"},{"v":2,"d":"2.0"},{"v":14,"d":"14.0"}]
["Arado Escarificador","Unidade",4,{"v":1,"d":"1.0"},{"v":1.75,"d":"1.8"},{"v":4,"d":"4.0"},{"v":7,"d":"7.0"}]
["Arado Subsolador","Unidade",3,{"v":1,"d":"1.0"},{"v":1,"d":"1.0"},{"v":1,"d":"1.0"},{"v":3,"d":"3.0"}]
["Carregadeira de Cana","Unidade",4,{"v":1,"d":"1.0"},{"v":1,"d":"1.0"},{"v":1,"d":"1.0"},{"v":4,"d":"4.0"}]
["Colhedeira Acoplada","Unidade",3,{"v":1,"d":"1.0"},{"v":2,"d":"2.0"},{"v":3,"d":"3.0"},{"v":6,"d":"6.0"}]
["Colhedeira Automotriz","Unidade",8,{"v":1,"d":"1.0"},{"v":1.25,"d":"1.3"},{"v":2,"d":"2.0"},{"v":10,"d":"10.0"}]
["Computador","Unidade",1,{"v":1,"d":"1.0"},{"v":1,"d":"1.0"},{"v":1,"d":"1.0"},{"v":1,"d":"1.0"}]
["Desintegrador, Picador, Triturador","Unidade",55,{"v":1,"d":"1.0"},{"v":1.33,"d":"1.3"},{"v":3,"d":"3.0"},{"v":73,"d":"73.0"}]
["Distribuidor de Calcário","Unidade",1,{"v":1,"d":"1.0"},{"v":1,"d":"1.0"},{"v":1,"d":"1.0"},{"v":1,"d":"1.0"}]
["Ensiladeira","Unidade",4,{"v":1,"d":"1.0"},1.5,{"v":3,"d":"3.0"},{"v":6,"d":"6.0"}]
["Grade Aradora (Tipo Romi)","Unidade",8,{"v":1,"d":"1.0"},{"v":2.63,"d":"2.6"},{"v":7,"d":"7.0"},{"v":21,"d":"21.0"}]
["Grade Niveladora","Unidade",10,{"v":1,"d":"1.0"},2.6,{"v":8,"d":"8.0"},{"v":26,"d":"26.0"}]
["Implementos para Tração Animal","Unidade",5,{"v":1,"d":"1.0"},{"v":1,"d":"1.0"},{"v":1,"d":"1.0"},{"v":5,"d":"5.0"}]
["Microtrator","Unidade",1,{"v":1,"d":"1.0"},{"v":1,"d":"1.0"},{"v":1,"d":"1.0"},{"v":1,"d":"1.0"}]
["Misturador de Ração","Unidade",2,{"v":1,"d":"1.0"},{"v":1,"d":"1.0"},{"v":1,"d":"1.0"},{"v":2,"d":"2.0"}]
["Ordenhadeira Mecânica","Unidade",5,{"v":1,"d":"1.0"},3.2,{"v":12,"d":"12.0"},{"v":16,"d":"16.0"}]
["Pulverizador Tratorizado","Unidade",3,{"v":1,"d":"1.0"},{"v":1.67,"d":"1.7"},{"v":2,"d":"2.0"},{"v":5,"d":"5.0"}]
["Resfriador de Leite, Tanque Expansão","Unidade",13,{"v":1,"d":"1.0"},{"v":1.23,"d":"1.2"},{"v":3,"d":"3.0"},{"v":16,"d":"16.0"}]
["Roçadeira Costal","Unidade",1,{"v":1,"d":"1.0"},{"v":1,"d":"1.0"},{"v":1,"d":"1.0"},{"v":1,"d":"1.0"}]
["Semeadeira/Adubadeira para Plantio Convencional","Unidade",6,{"v":1,"d":"1.0"},{"v":1.67,"d":"1.7"},{"v":3,"d":"3.0"},{"v":10,"d":"10.0"}]
["Semeadeira/Plantadeira Plantio Direto","Unidade",1,{"v":2,"d":"2.0"},{"v":2,"d":"2.0"},{"v":2,"d":"2.0"},{"v":2,"d":"2.0"}]
["Terraceador","Unidade",1,{"v":1,"d":"1.0"},{"v":1,"d":"1.0"},{"v":1,"d":"1.0"},{"v":1,"d":"1.0"}]
["Trator de Pneus","Unidade",31,{"v":1,"d":"1.0"},{"v":2.39,"d":"2.4"},{"v":8,"d":"8.0"},{"v":74,"d":"74.0"}]
["Açude/Represa","Unidade",13,{"v":1,"d":"1.0"},{"v":2.08,"d":"2.1"},{"v":4,"d":"4.0"},{"v":27,"d":"27.0"}]
["Almoxarifado/Oficina","Unidade",7,{"v":1,"d":"1.0"},{"v":1.29,"d":"1.3"},{"v":2,"d":"2.0"},{"v":9,"d":"9.0"}]
["Armazém para Grãos Ensacados","Sacas",2,{"v":900,"d":"900.0"},{"v":3603.5,"d":"3,603.5"},{"v":6307,"d":"6,307.0"},{"v":7207,"d":"7,207.0"}]
["Balança para Bovinos","Unidade",1,{"v":1,"d":"1.0"},{"v":1,"d":"1.0"},{"v":1,"d":"1.0"},{"v":1,"d":"1.0"}]
["Barracão/Galpão/Garagem","Unidade",20,{"v":1,"d":"1.0"},1.3,{"v":3,"d":"3.0"},{"v":26,"d":"26.0"}]
["Casa de Moradia Habitada","Unidade",66,{"v":1,"d":"1.0"},2.5,{"v":12,"d":"12.0"},{"v":165,"d":"165.0"}]
["Casa de Moradia Total","Unidade",68,{"v":1,"d":"1.0"},{"v":3.06,"d":"3.1"},{"v":13,"d":"13.0"},{"v":208,"d":"208.0"}]
["Curral/Mangueira","Unidade",54,{"v":1,"d":"1.0"},{"v":1.33,"d":"1.3"},{"v":7,"d":"7.0"},{"v":72,"d":"72.0"}]
["Depósito/Tulha","Unidade",4,{"v":1,"d":"1.0"},{"v":1.25,"d":"1.3"},{"v":2,"d":"2.0"},{"v":5,"d":"5.0"}]
["Estábulo","Unidade",18,{"v":1,"d":"1.0"},{"v":1.11,"d":"1.1"},{"v":2,"d":"2.0"},{"v":20,"d":"20.0"}]
["Fábrica de Ração","Unidade",1,{"v":1,"d":"1.0"},{"v":1,"d":"1.0"},{"v":1,"d":"1.0"},{"v":1,"d":"1.0"}]
["Instalações para Equinos","Unidade",5,{"v":2,"d":"2.0"},10.6,{"v":30,"d":"30.0"},{"v":53,"d":"53.0"}]
["Máquina de Benefício","Unidade",1,{"v":1,"d":"1.0"},{"v":1,"d":"1.0"},{"v":1,"d":"1.0"},{"v":1,"d":"1.0"}]
["Pocilga","Unidade",2,{"v":1,"d":"1.0"},{"v":1,"d":"1.0"},{"v":1,"d":"1.0"},{"v":2,"d":"2.0"}]
["Poço Semi-Artesiano","Unidade",1,{"v":1,"d":"1.0"},{"v":1,"d":"1.0"},{"v":1,"d":"1.0"},{"v":1,"d":"1.0"}]
["Secador de Grãos","Unidade",2,{"v":1,"d":"1.0"},{"v":1,"d":"1.0"},{"v":1,"d":"1.0"},{"v":2,"d":"2.0"}]
["Silo para Grãos","t",1,{"v":300,"d":"300.0"},{"v":300,"d":"300.0"},{"v":300,"d":"300.0"},{"v":300,"d":"300.0"}]
["Silo para Silagem","t",3,{"v":400,"d":"400.0"},{"v":833.33,"d":"833.3"},{"v":1500,"d":"1,500.0"},{"v":2500,"d":"2,500.0"}]
["Fonte: Secretaria de Agricultura e Abastecimento, CDRS/IEA, Projeto LUPA."]
[]
["TABELA 491.4 - Outras Estatísticas Agrícolas, Município de Roseira, Estado de São Paulo, 2007/08."]
["ITEM","Número de UPAs",null,"Percentual"]
["Faz Parte de Associação de Produtores",30,null,{"v":41.666666666666664,"d":"41.7"}]
["Faz Parte de Cooperativa de Produtores",33,null,{"v":45.83333333333333,"d":"45.8"}]
["Faz Parte do Sindicato de Produtores",27,null,37.5]
["Não utiliza assistência técnica ",11,null,{"v":15.277777777777779,"d":"15.3"}]
["Utiliza somente assistência técnica governamental ",2,null,{"v":2.7777777777777777,"d":"2.8"}]
["Utiliza somente assistência técnica privada ",59,null,{"v":81.94444444444444,"d":"81.9"}]
["Utiliza assistência técnica tanto governamental quanto privada","-",null,"-"]
["Utiliza Crédito Rural",7,null,{"v":9.722222222222223,"d":"9.7"}]
["Utiliza Seguro Rural",1,null,{"v":1.3888888888888888,"d":"1.4"}]
["Utiliza Escrituração Agrícola",6,null,{"v":8.333333333333334,"d":"8.3"}]
["Acessa Internet p/ Fins na Agropecuária",3,null,{"v":4.166666666666667,"d":"4.2"}]
["Utiliza Computador nas Atividades Agropecuárias",2,null,{"v":2.7777777777777777,"d":"2.8"}]
["Utiliza Energia Elétrica Para Uso na Atividade Agrícola",70,null,{"v":97.22222222222223,"d":"97.2"}]
["Realiza Análise de Solo, quando necessário",28,null,{"v":38.88888888888889,"d":"38.9"}]
["Utiliza Práticas de Conservação de Solo, quando necessário",10,null,{"v":13.888888888888888,"d":"13.9"}]
["Faz Adubação Mineral, quando necessário",55,null,{"v":76.38888888888889,"d":"76.4"}]
["Faz Adubação Orgânica, quando necessário",57,null,{"v":79.16666666666666,"d":"79.2"}]
["Faz Adubação Verde, quando necessário","-",null,"-"]
["Utiliza Manejo Integrado de Pragas (MIP)","-",null,"-"]
["Utiliza Hidroponia","-",null,"-"]
["Utiliza Plasticultura","-",null,"-"]
["Utiliza Mudas Fiscalizadas",3,null,{"v":4.166666666666667,"d":"4.2"}]
["Utiliza Semente Melhorada",12,null,{"v":16.666666666666668,"d":"16.7"}]
["Faz Confinamento de Bovinos","-",null,"-"]
["Utiliza Pastejo Intensivo",1,null,{"v":1.3888888888888888,"d":"1.4"}]
["Faz Inseminação Artificial",1,null,{"v":1.3888888888888888,"d":"1.4"}]
["Faz Mineralização do Rebanho",56,null,{"v":77.77777777777779,"d":"77.8"}]
["Faz Vermifugação do Rebanho",56,null,{"v":77.77777777777779,"d":"77.8"}]
["Possui Parceiros /Arrendatários na Exploração Animal",14,null,{"v":19.444444444444446,"d":"19.4"}]
["Esporte e lazer","-",null,"-"]
["Extração mineral","-",null,"-"]
["Hotel Fazenda, Pousada ou SPA","-",null,"-"]
["Pesque-pague","-",null,"-"]
["Restaurante ou Lanchonete","-",null,"-"]
["Transformação artesanal","-",null,"-"]
["Turismo rural ou ecoturismo","-",null,"-"]
["Outras atividades econômicas rurais","-",null,"-"]
["Agroindústria","-",null,"-"]
["Proprietário sem instrução ou com instrução incompleta","-",null,"-"]
["Proprietário com antigo primário completo",10,null,{"v":13.888888888888888,"d":"13.9"}]
["Proprietário com 1° grau (ou antigo ginasial) completo",13,null,{"v":18.055555555555557,"d":"18.1"}]
["Proprietário com 2° grau (ou antigo colegial) completo",8,null,{"v":11.111111111111112,"d":"11.1"}]
["Proprietário com curso superior completo ",36,null,{"v":50,"d":"50.0"}]
["Pessoa Jurídica",5,null,{"v":6.944444444444445,"d":"6.9"}]
["Proprietário residente na própria UPA ",13,null,{"v":18.055555555555557,"d":"18.1"}]
["Fonte: Secretaria de Agricultura e Abastecimento, CDRS/IEA, Projeto LUPA."]
[]
["TABELA 491.5 - Área Cultivada, Município de Roseira, Estado de São Paulo, 2007/08."]
["CULTURA","N.DE UPAs","MÍNIMO","MÉDIO","MÁXIMO","TOTAL"]
["Braquiaria",56,{"v":2,"d":"2.0"},{"v":69.43,"d":"69.4"},{"v":632,"d":"632.0"},{"v":3888.3,"d":"3,888.3"}]
["Eucalipto",8,{"v":3,"d":"3.0"},{"v":165.63,"d":"165.6"},{"v":540,"d":"540.0"},{"v":1325,"d":"1,325.0"}]
["Outras gramineas para pastagem",24,{"v":1,"d":"1.0"},{"v":52.67,"d":"52.7"},{"v":287,"d":"287.0"},{"v":1264,"d":"1,264.0"}]
["Arroz",14,{"v":5,"d":"5.0"},{"v":68.43,"d":"68.4"},{"v":300,"d":"300.0"},{"v":958,"d":"958.0"}]
["Capim-gordura",20,{"v":1,"d":"1.0"},{"v":35.81,"d":"35.8"},{"v":200,"d":"200.0"},716.2]
["Gramas",5,0.6,{"v":34.92,"d":"34.9"},{"v":105,"d":"105.0"},174.6]
["Capim-napier (ou capim-elefante)",43,0.5,{"v":3.59,"d":"3.6"},{"v":15,"d":"15.0"},154.5]
["Cana-de-acucar",29,0.2,{"v":3.35,"d":"3.4"},{"v":18,"d":"18.0"},97.1]
["Outras leguminosas para pastagem",1,{"v":32,"d":"32.0"},{"v":32,"d":"32.0"},{"v":32,"d":"32.0"},{"v":32,"d":"32.0"}]
["Coloniao",1,{"v":7,"d":"7.0"},{"v":7,"d":"7.0"},{"v":7,"d":"7.0"},{"v":7,"d":"7.0"}]
["Caqui",1,{"v":2,"d":"2.0"},{"v":2,"d":"2.0"},{"v":2,"d":"2.0"},{"v":2,"d":"2.0"}]
["Viveiro de flores e ornamentais",1,0.3,0.3,0.3,0.3]
["Fonte: Secretaria de Agricultura e Abastecimento, CDRS/IEA, Projeto LUPA."]